Souldrops / (Record no. 42325)

MARC details
000 -LEADER
fixed length control field 00626nam a22002057a 4500
010 ## - LCCN (DPL NO)
LC control number ENG-100770
020 ## - INTERNATIONAL STANDARD BOOK NUMBER
Terms of availability 25.00
International Standard Book Number 9788190438933
035 ## - SYSTEM CONTROL NUMBER
System control number EN-84303
037 ## - SOURCE OF ACQUISITION
Source of stock number/acquisition DBAD / PUB
082 ## - DEWEY DECIMAL CLASSIFICATION NUMBER
Classification number 881
100 ## - MAIN ENTRY--PERSONAL NAME
Personal name Kamat, Smitha Bhandare
245 ## - TITLE STATEMENT
Title Souldrops /
Statement of responsibility, etc by Smitha Bhandare Kamat
260 ## - PUBLICATION, DISTRIBUTION, ETC. (IMPRINT)
Place of publication, distribution, etc Goa
Name of publisher, distributor, etc Third Millennium
Date of publication, distribution, etc 2009
270 ## - ADDRESS
Address 603, Shiv Towers, Patto Plaza
City Goa
300 ## - PHYSICAL DESCRIPTION
Extent 47 p.
Dimensions 18cm (Pbk)
650 ## - SUBJECT ADDED ENTRY--TOPICAL TERM
Topical term or geographic name as entry element Poetry
700 ## - ADDED ENTRY--PERSONAL NAME
9 (RLIN) 6162
942 ## - ADDED ENTRY ELEMENTS (KOHA)
Source of classification or shelving scheme Dewey Decimal Classification
Item type English Books
Call number suffix SOU
Classification part 881
Holdings
Withdrawn status Lost status Not for loan Collection code Home library Current library Date acquired Cost, normal purchase price Full call number Barcode Copy number Cost, replacement price Koha item type
    Not For Loan Non-fiction D.B.Act.Division D.B.Act.Division 17/08/2010 25.00 881 SOU EN-84303 1 25.00 English Books

© Delhi Public Library
Hit Counter
free hit counter